[Event "Gibraltar Masters 14th"]
[Site "Caleta"]
[Date "2016.02.03"]
[Round "9"]
[White "Li, Chao B"]
[Black "Lenic, Luka"]
[Result "1-0"]
[WhiteElo "2751"]
[BlackElo "2611"]
[Annotator "Marin,M"]
[PlyCount "81"]
[EventDate "2016.01.26"]
[EventType "swiss"]
[EventRounds "10"]
[EventCountry "GGB"]
[SourceTitle "CBM 171"]
[Source "ChessBase"]
[SourceDate "2016.03.14"]
[SourceVersion "2"]
[SourceVersionDate "2016.03.14"]
[SourceQuality "1"]

1. Nf3 d5 2. c4 e6 3. g3 dxc4 4. Bg2 Nf6 5. O-O {In the past this flexible
move did not get too much attention, as it was considered that Black gains a
tempo for his queenside counterplay or even defending his extra pawn.} ({
The main line is} 5. Qa4+) ({I have advocated the ambitious but also risky} 5.
Na3 {in my English Opening books.}) 5... a6 6. Qc2 {In all these Reti lines,
retrieving the pawn with the queen is likely to offer Black equality after ...
b7-b5 followed by ...Bb7. But the last move does not commit White to taking on
c4. In fact, his main threat is Ne5xc4.} (6. Ne5 {is premature due to} Qd4)
6... Be7 {A rare move.} ({Recent games have shown that} 6... b5 {offers White
excellent compensation for the pawn.} 7. Ne5 Nd5 8. d3 $1 {A typical move.
White does not care about retrieving the pawn in any way. He just needs to
eliminate the c4-pawn, which blocks his play along the c-file.} cxd3 9. Nxd3
Bb7 10. Nc3 Bd6 (10... Nd7 11. Nxd5 exd5 12. Nf4 Nb6 13. Be3 $14 {Grigoryan,A 
(2579)-Rozum,I (2500) St Petersburg 2012 (1-0, 38)}) 11. Rd1 O-O 12. Nxd5 exd5
13. Bf4 Nd7 (13... Bxf4 14. Nxf4 c6 15. e4) 14. Bxd6 cxd6 15. Nf4 Rc8 16. Qd2
$14 {Dominguez Perez,L (2719)-Moradiabadi,E (2532) Khanty-Mansiysk 2011 (1-0,
47)}) (6... Nbd7 {is best met with} 7. a4 (7. Qxc4 b5 8. Qc2 Bb7 9. b3 Be7 10.
Bb2 O-O 11. a4 c5 12. d3 Qb6 {Vachier Lagrave,M (2758)-Wojtaszek,R (2744)
Beijing 2014 (1-0, 57), didn't face Black with special problems.}) 7... Rb8 (
7... c5 8. a5 {leaves Black with chronic weakenesses.}) 8. Na3 (8. Qxc4 b5 9.
axb5 axb5 10. Qc2 Bb7 $11) 8... Bxa3 9. bxa3 O-O (9... b5 10. axb5 axb5 11. Nd4
Bb7 12. Bxb7 Rxb7 13. a4 $14) 10. Qxc4 $14 {Matamoros Franco,C (2523)
-Pantaleoni,C (2219) Porto Mannu 2007 (1-0, 40)}) 7. Ne5 (7. a4 $6 {makes less
sense now due to} Nc6 {[%csl Gb4]}) (7. Qxc4 b5 $11) 7... c5 ({It makes no
sense to keep the a3-f8 diagonal available. Keping the pawn on c7 with, for
instance} 7... O-O 8. Nxc4 Ra7 {as in Eljanov,P (2678)-Vasilevich,I (2370)
Moscow 2013 (1-0, 53) could be met with} 9. d4 $5 {transposing to an active
version of the Catalan with white.}) 8. a4 $146 {It is useful to prevent the
queenside exapnsion.} (8. Nxc4 Nd5 9. b3 O-O 10. Bb2 b5 11. Ne3 Bb7 $15 {
Laurent,J (2331)-Panchanathan,M (2556) Paris 2011 (0-1, 29)}) 8... Nd5 9. Qxc4
$6 {Annihilating White's previous achievements at a stroke. The queen and the
knight are exposed now and White will not be able to block the queenside
properly.} ({A more logical try is} 9. Nxc4 Nc6 10. Nc3 O-O 11. a5) ({Or if
White doesn't want to define his intentions yet he could start with} 9. a5 $5 {
even though it is most probable that he would take with the knight on c4.})
9... Nd7 $1 10. Nxd7 Bxd7 $1 {Aiming for rapid development.} (10... Qxd7 11. a5
$14 Qb5 12. d3) 11. Bxd5 {White decides to take a pawn to compensate for his
relative lack of space and delay in development.} (11. a5 {doesn't work due to}
Bb5 12. Qe4 O-O {when the queen's exposure is likely to offer Black several
tempi for his initiative.}) 11... exd5 12. Qxd5 Be6 {A slightly curious but
correct decision.} ({It looks more logical to keep queens on the board:} 12...
Qc7 13. Nc3 Bc6 14. Qh5 O-O 15. d3 $13) 13. Qxd8+ Rxd8 14. d3 c4 15. dxc4 Bxc4
16. Nc3 {Black's bishop pair and White's queenside weaknesses compensate for
the missing pawn, but the next move is too provocative.} b5 $2 (16... O-O 17.
Be3 Bb3 $44) 17. axb5 axb5 18. b3 $1 Bxb3 19. Nxb5 O-O ({Black may have
counted on} 19... Bc4 {but after} 20. Nc7+ {the unfortunate king's situation
leaves him struggling.} Kf8 (20... Kd7 21. Bb2 {[%csl Gg7][%cal Gf1c1,Ga1a7]})
21. Ra4 $1 Bxe2 22. Re1 Bd3 (22... Bf3 23. Rf4 {[%cal Gc7e6]} Rd1 24. Rxd1 Bxd1
25. Rd4 Bb3 26. Ba3 Bxa3 27. Rd8+ Ke7 28. Rxh8 {and White should win.}) 23. Ra5
(23. Bb2 $5 {[%csl Ge7,Gg7] also puts Black in a difficult situation.}) 23...
Bb4 ({Or if} 23... Bc4 24. Rae5 {Black has nothing better than giving up a
pawn with} Be6 {anyway.}) 24. Rd5 Rc8 25. Rd1 Be7 26. R1xd3 Rxc7 27. Bb2 Rc8
28. Rd7 {[%csl Gg7]} Bf6 29. Bxf6 gxf6 30. Rf3 Kg7 31. Rd6 $14 {After winning
the f6-pawn White will keep winning chances as long as there are four rooks on
the board.}) 20. Ba3 Bxa3 21. Nxa3 {White has simplified to an ending with an
extra pawn, which is generally considered to offer him no fewer winning
chances than Black's drawing prospects. But starting with this moment Lenic
defends very actively.} Rd2 22. e3 g6 23. Rfc1 Ra8 24. Nb5 Rxa1 25. Rxa1 Kg7
26. Nd4 Bd5 27. h4 h5 {Chernin,A (2615)-Razuvaev,Y (2550) Tilburg blitz 1994 
(1) 1-0 One of White's main problems is that he was forced to advance his
e-pawn at a moment when there were four rooks on the board. With the pawn on
e2, the following game, which I had witnessed from close by, is a good example
for White's play, even though it was just a blitz.} 28. Kf1 Rb2 29. Ke1 Be4 30.
Rd1 Kf6 31. Rd2 Rxd2 {A brave and probably correct decision. With rooks on the
board White could have started activating his position with Ke2, f3, e4, when
the black king would not have felt as comfortable in the centre as in the game.
} 32. Kxd2 Ke5 $1 ({In order to understand the necessity of keeping the king
centralised I will input a few dumb moves to reach a transposition to a good
model for White:} 32... Ba8 33. Kd3 Bb7 34. e4 Ke7 35. Ke3 f6 36. Kf4 Kd6 37.
Nc2 Ke6 38. Nb4 {We have finally reached the game mentioned below.} Ba8 39. Nd3
Bc6 40. e5 fxe5+ 41. Nxe5 Be8 42. Nf3 Ba4 43. Kg5 Bd1 44. Ne1 Kf7 45. f4 Bg4
46. Nc2 Bd1 47. Ne3 Bf3 48. f5 gxf5 49. Nxf5 Bd1 50. Nd6+ {1-0 Ftacnik,L (2580)
-Kovalev,A (2505) Hamburg 1995} Kg7 51. Ne4 Be2 52. Nf6) 33. Ke2 f6 34. Nf3+ {
After this move the knight will land on a relatively unfavourable route.} (34.
Nb3 $5 g5 $1 ({If Black plays passively he has every chance to lose:} 34... Bd5
35. Nc5 Bc6 (35... g5 36. Nd3+ Ke6 37. f3) 36. Nd3+ Ke6 37. Nf4+ Kf7 38. Kd2
Bf3 39. Ne2 Bb7 40. Nd4 $16) 35. f3 Bf5 36. Nd4 Bc8 37. Nc6+ Kd6 38. Nb4 Kc5
39. Nd3+ Kd5 40. Nf2 Ba6+ 41. Kd2 Bb7 (41... gxh4 $2 42. gxh4 {[%csl Rh5][%cal
Gf2h1,Gh1g3,Gf2e4,Ge4g3]}) 42. Kc3 Ke5 43. e4 {White only needs to play Kd3-e3
to more or less transpose to the game but Black can strike first:} Bxe4 $1 (
43... gxh4 $2 44. Nd3+ Kd6 45. gxh4) 44. Nxe4 gxh4 {with a draw.} 45. Kd3 (45.
gxh4 Kf4 46. Nxf6 Kxf3 47. Nxh5 Kg4 $11) 45... hxg3 46. Ke3 h4 $11) 34... Kf5
35. Nd2 Bb7 36. f3 Ba6+ 37. Kf2 Ke5 38. e4 g5 $2 {Spoiling all Black's
previous achievements. Under no circumstances should he have allowed the white
king to go to e3.} (38... Kd4 $1 39. Nb3+ ({If} 39. Nf1 {Black can
paradoxically simplify to a pawn ending:} Bxf1 40. Kxf1 Ke3 41. Kg2 Kd3 42. Kf2
Kd4 43. Ke2 f5 44. exf5 gxf5 45. Kd2 Kd5 46. Kd3 Kd6 47. Kd4 Ke6 48. Kc5 Ke5
49. Kc4 f4 $11 {True, there were some only moves to make on the way but they
are not that difficult to spot.}) 39... Kc4 $1 (39... Ke5 $2 40. Ke3) 40. Nc1
Kd4 41. Na2 Bb5 42. Nb4 f5 ({Actually even a neutral move as} 42... Ba4 {
should hold.}) 43. exf5 gxf5 44. Nc2+ Kd3 45. Ne1+ Kd2 46. Ng2 Bd7 47. Nf4 Be8
{and there is no obvious way to make progress with White.}) 39. Ke3 $1 $18 gxh4
(39... Bb5 40. hxg5 (40. f4+ {also wins}) 40... fxg5 41. f4+ {with two
connected white pawns.}) 40. f4+ Ke6 41. f5+ {Elegant but not really necessary.
} (41. gxh4 {also wins as Black doesn't get any relief after} f5 42. Nb3 {
[%cal Gb3c5,Gb3d4]} (42. e5 Kd5 43. Nf3 {[%cal Gf3g1,Gg1e2,Ge2g3] also wins,
but the main move is even more exact.}) 42... Ke7 43. e5 Bb7 44. Nd4 Bc8 45.
Ne2 Kf7 46. Ng3 Kg6 47. Kd4 $18) ({After} 41. f5+ Kd6 42. gxh4 Kc5 43. Kf4 Kd6
44. Nf3 {Black cannot avoid getting an ending against two extra white pawns.}
Ke7 45. e5 fxe5+ 46. Nxe5 Kf6 47. Nd7+ Ke7 48. Nc5 Be2 49. Ne4 Bd1 50. Kg5 Bg4
51. Ng3 $18) 1-0

[Event "Ciocaltea Memorial"]
[Site "Bucharest"]
[Date "1999.03.05"]
[Round "2"]
[White "Marin, Mihail"]
[Black "Marjanovic, Slavoljub"]
[Result "1/2-1/2"]
[WhiteElo "2527"]
[BlackElo "2451"]
[Annotator "Marin,M"]
[PlyCount "45"]
[EventDate "1999.03.04"]
[EventType "tourn"]
[EventRounds "13"]
[EventCountry "ROU"]
[EventCategory "10"]
[SourceTitle "CBM 070"]
[Source "ChessBase"]
[SourceDate "1999.06.08"]
[SourceVersion "1"]
[SourceVersionDate "1999.06.08"]
[SourceQuality "1"]

1. c4 e6 2. g3 d5 3. Bg2 Nf6 4. Nf3 dxc4 5. Qa4+ Nbd7 6. Qxc4 c5 7. Qb3 Rb8 8.
a4 b6 9. Na3 a6 10. O-O Bb7 11. d3 Bd6 12. Nc4 Bc7 13. Bd2 O-O 14. Rfc1 h6 15.
e4 Qe7 16. h3 Rfc8 17. Qa3 b5 18. axb5 axb5 19. Na5 Ba8 (19... Ra8 20. Qb3 (20.
b4 Bxa5 21. bxa5 b4 22. Qb3 Qd8) 20... Bxa5 21. Rxa5 Rxa5 22. Bxa5 b4 23. Nd2
Ra8 (23... Ne5 24. d4 Nc6 25. Rxc5 Nd7 26. Rb5 Ba6 27. Bxb4 Qe8 28. Bc3 Bxb5
29. Qxb5) 24. Bc7 (24. Nc4 e5 (24... Ba6 25. Nb6) 25. Bc7 Ne8) 24... e5 25. f4
Ne8 26. Bxe5 Nxe5 27. fxe5 Qxe5 28. Kh2 Rd8 29. Nf3 Qd6) 20. b4 c4 21. dxc4
Bxa5 (21... Nxe4 22. c5) (21... bxc4 22. Rxc4 Nxe4 23. Rac1) 22. bxa5 (22. Qxa5
bxc4 (22... Rxc4) 23. Ne5 (23. Bf4 Rxb4) (23. e5 Nd5) 23... Bxe4) 22... b4 23.
Qb2 (23. Qb2 Nc5 (23... Nxe4 24. Bf4) (23... Bxe4 24. a6) (23... b3 $5 24. Bf4
Rb4 25. e5 Ne4 $44) 24. Bxb4 (24. e5 Nfe4 $36 (24... Nfd7 25. Bxb4) 25. Bxb4
Nd3 $140 26. Bxe7 Rxb2 27. Rcb1 Rxf2 28. Rb3 $8 $16) 24... Qb7 25. e5 Nfe4 (
25... Nfd7 26. Rcb1 Nd3 27. Qc3) (25... Nd3 $1) 26. Rcb1 Nd3 (26... Ng5 27. Ne1
) 27. Qd4 $1 (27. Qa3 Nxb4 28. Nd2 Qd7 (28... Qa7 29. Bxe4 Bxe4 30. Nxe4 Nc2
31. Qc3 Nxa1 32. Rxa1 $44) 29. Nxe4 Nc2 30. Qd6 Qxd6 31. Nxd6 Nxa1 32. Rxa1 Rc7
33. a6 Bxg2 34. Kxg2 Ra8 35. Ra3 Rca7 (35... Rc6 36. a7 Rc7 37. Nb5 Rxc4 38.
Ra6 Rc5 39. Rb6 Rxb5 $11) 36. Rf3 Rb8 37. g4 Rb1 $17) 27... Nxb4 (27... Rd8 28.
Be1 $3 $16) 28. Nd2 Rd8 (28... Nxg3 29. Bxb7 Ne2+ 30. Kf1 Nxd4 31. Bxc8) 29.
Qxe4 Qd7 30. Qf4 Bxg2 31. Kxg2 Qxd2 (31... g5 32. Qf6 Qxd2 33. Rd1 Qxd1 34.
Rxd1 Rxd1 35. Qxh6 $16) 32. Qxd2 Rxd2 33. Ra4 Na6 34. Rxb8+ Nxb8 35. a6 Nxa6
36. Rxa6 Rc2 37. Rc6 $14 g5 38. Kf3 (38. g4 Kg7 39. Rc8 h5 40. c5 hxg4 41. hxg4
Re2 42. c6 Rxe5 43. c7 Rc5 $11) 38... Kg7 39. Ke3 Kg6 40. g4 h5 41. f4 gxf4+
42. Kxf4 h4 $1 $11) 1/2-1/2

[Event "Goodricke op 08th"]
[Site "Kolkata"]
[Date "1997.??.??"]
[Round "4"]
[White "Marin, Mihail"]
[Black "Zvjaginsev, Vadim"]
[Result "1/2-1/2"]
[WhiteElo "2545"]
[BlackElo "2610"]
[Annotator "Marin,M"]
[PlyCount "90"]
[EventDate "1997.02.??"]
[EventType "swiss"]
[EventRounds "11"]
[EventCountry "IND"]
[SourceTitle "CBM 059"]
[Source "ChessBase"]
[SourceDate "1997.08.01"]
[SourceVersion "1"]
[SourceVersionDate "1997.08.01"]
[SourceQuality "1"]

1. Nf3 e6 2. c4 d5 3. g3 d4 4. Bg2 g6 5. b4 Bg7 6. d3 Ne7 7. O-O O-O 8. Nbd2 a6
9. a4 (9. Nb3 Nbc6 $5) 9... b6 10. Ba3 (10. Nb3 $142 Bb7 11. Bb2 e5 12. e3 $14)
10... Bb7 11. Nb3 e5 12. b5 Re8 13. Qc2 Nd7 14. Rfc1 Nf5 15. c5 Bd5 16. c6 Nf6
$15 17. bxa6 Rxa6 18. a5 bxa5 19. Nfd2 Bh6 $1 (19... Rxc6 20. Qxc6 Bxc6 21.
Bxc6 $44) 20. Bxd5 Qxd5 21. Ne4 (21. Rcb1 $4 Ne3 $1 $19) 21... Kg7 22. Qc4 Qxc4
(22... Rea8 23. Nxf6 Qxc4 24. Rxc4 Kxf6 25. Nc5 $44) 23. Rxc4 Nxe4 24. dxe4 Ne7
25. Bxe7 Rxe7 26. Nxa5 (26. Rxa5 Rb6 $17 {פb3}) 26... f5 $17 27. exf5 gxf5 28.
Raa4 Re6 29. Kg2 Kf6 30. h3 Rd6 $6 31. f4 $1 exf4 32. gxf4 Bxf4 33. Rxd4 Rxd4
34. Rxd4 Be5 (34... Rxa5 35. Rxf4 Rc5 36. Kf3 $15 (36. e4 Kg5 $1 $19)) 35. Rd5
Ke6 36. Rb5 (36. Rc5 Bd6 37. Nb7 Ra2 38. Nxd6 Kxd6 39. Rxf5 Rxe2+ 40. Kf3 Re6
$17) 36... Rb6 (36... Bc3 37. Nb7 $15) 37. Rxb6 cxb6 38. Nc4 Bc7 39. Kf3 Kd5 (
39... b5 40. Na3 b4 41. Nc2 Bd6 42. Nxb4 Bxb4 43. e4 $11 {><h1}) 40. Ne3+ Kxc6
41. Nxf5 Kd5 42. e4+ Ke5 43. Ne7 b5 44. Nc6+ Kf6 45. Ke3 Kg5 1/2-1/2

[Event "Dortmund SuperGM 40th"]
[Site "Dortmund"]
[Date "2012.07.20"]
[Round "7"]
[White "Bartel, Mateusz"]
[Black "Fridman, Daniel"]
[Result "1/2-1/2"]
[WhiteElo "2674"]
[BlackElo "2655"]
[Annotator "Marin,M"]
[PlyCount "105"]
[EventDate "2012.07.13"]
[EventType "tourn"]
[EventRounds "9"]
[EventCountry "GER"]
[EventCategory "19"]
[SourceTitle "CBM 150"]
[Source "ChessBase"]
[SourceDate "2012.09.14"]
[SourceVersion "1"]
[SourceVersionDate "2012.09.14"]
[SourceQuality "1"]

1. c4 e6 2. Nf3 d5 3. g3 dxc4 4. Qa4+ Nd7 5. Qxc4 a6 6. d3 c5 7. Bg2 Ngf6 8.
Qc2 b5 9. a4 Bb7 10. O-O Be7 {For this same issue of the CBM, I have written
an article about the similar variation with reversed colours and with an extra
tempo for White. It is interesting to compare this game with those from the
article; I will make a few hints about it. In my article, I considered ...
a7-a5 as ineffective; with an extra tempo, a2-a4 is slightly more playable,
but by no means lethal.} 11. Nc3 (11. Na3 Qb6 (11... O-O 12. e4 c4) 12. e4 O-O
13. Be3 Bc6 (13... Ng4 14. Bf4 Bf6 {/\...Nge5}) 14. h3 (14. b4 Ng4) 14... Qb7
$13 {Gabriel,C (2510)-Bintakis,M (2260)/Augsburg 1994/EXT 2001 (1-0, 91)})
11... Qb6 (11... Bc6 {is playable, although it is likely to cause the loss of
a tempo:} 12. Nd2 Bxg2 13. Kxg2 O-O 14. Nde4 (14. axb5 axb5 15. Rxa8 Qxa8+)
14... Qb6 15. Be3 Nd5 $11 {Fancsy,I (2295)-Koczka,Z (2260)/Gyor 1991/EXT 97 (1/
2, 37)}) 12. Qb3 Nd5 ({The most dissappointing thing for White is that even
after blocking the queenside Black seems to have an adequate position:} 12...
b4 13. a5 Qc7 14. Nb1 O-O 15. Nbd2 Bd5 $11 {Mikhalevski,V (2531)-Aleksandrov,A
(2645)/Moscow 2002/CBM 088/[Ribli] (0-1, 45)}) ({With an extra tempo, say ...
0-0 (meaning in the reversed colours line examined in my article), Black would
have less troubles defending b5 and keeping the control of the a-file with,
for instance,} 12... Bc6 {Here, this would just lose a pawn.}) 13. axb5 axb5
14. Rxa8+ Bxa8 {White has a slight lead in development, but he has to convert
it quickly, since otherwise Black's space advantage may tell.} 15. Bg5 {
In my article I expressed my scepticism regarding the manoeuvre Nf3-e1
followed by Bf3, exchanging the bishops. Here, it is White who provokes the
exchange and rightly so. It is the only chance to reduce the significance of
Black's space advantage and retain some very very slight initiative.} (15. Qxb5
$4 Nxc3 16. Qxb6 Nxe2+ 17. Kh1 Nxb6 $19) (15. Nxb5 $6 Bc6 16. e4 $8 N5f6 17. e5
$8 Qxb5 18. Qxb5 Bxb5 19. exf6 Bxf6 $15) (15. Nd2 Nxc3 {1/2 Karlsson,L (2460)
-Schneider,L (2410)/Eksjo 1981/MCL}) 15... Nxc3 {In order to get castled,
Black has to release the tension.} ({There is no obvious way of grabbing the
initiative with White after} 15... f6 16. Ra1 Bc6 (16... O-O 17. Rxa8 $1) 17.
Bd2 O-O {, but in the long run the weakness of the e6-pawn would most likely
tell.}) (15... Bxg5 16. Nxg5 h6 (16... Nxc3 17. Qxc3 {transposes}) 17. Nxd5
Bxd5 18. Bxd5 exd5 19. Nh3 $5 {offers White some enduring pressure.} Qc6 20.
Nf4 Nf6 21. d4 $5 $14) 16. Qxc3 Bxg5 17. Nxg5 O-O 18. Ne4 $146 {A somewhat
provoking move, aiming to induce the weakening move ...f7-f5.} (18. Ra1 Bxg2
19. Kxg2 Qc6+ (19... h6 20. Ne4 c4 $6 {this is premature.} 21. dxc4 Qc6 22. f3
Qxc4 23. Qxc4 bxc4 24. Nd6 Nb6 25. Ra6 Rb8 26. Kf2 $14 {Belous,V (2522)
-Swiercz,D (2583)/Moscow 2012/CBM 147 (1-0, 46). With rooks and knights on the
board, this ending is unpleasant for Black.}) 20. Kg1 Ra8 21. Qc1 h6 22. Nf3
Rxa1 23. Qxa1 c4 $1 {With queens instead of rooks, Black has no problems
keeping his position together.} 24. dxc4 bxc4 25. Qd1 Qd5 $11 {Suetin,A (2391)
-Luther,T (2542)/Crans Montana 1999/EXT 2000 (0-1, 43)}) (18. Bxa8 Rxa8 19. Rc1
h6 20. Ne4 {WHite has given up the control over the only open file in order to
set up some pressure against Black's only (relative) weakness, the c5-pawn.}
Ra2 $6 ({Black should have started the game regrouping with} 20... b4 21. Qc4
Ra5 22. Nd2 Qa7) 21. e3 ({Missing the chance to stir up some troubles for
Black with:} 21. b4 $5 $14 cxb4 $2 22. Qc8+ Nf8 23. Qe8 $40) 21... Qa7 22. b3
b4 {As so many times in this line, the weakness of the c4-square is not too
relevant.} 23. Qc4 Ra1 24. Rxa1 Qxa1+ 25. Kg2 {1/2 Gashimov,V (2665)-Luther,T 
(2526)/Cappelle la Grande 2008/CBM 122 Extra}) 18... Bb7 $6 {Playable, but not
the best.} ({For instance,} 18... f5 {would have won a tempo over the game
continuation.}) ({However, I am not sure whether Black should really weaken
his kingside. I would prefer} 18... Bd5 19. Ra1 Qc6 20. Bf3 {The only way to
get out of the pin.} b4 $1 {It is important to drive the enemy queen away from
the optimal c3-square.} (20... Ra8 21. Rxa8+ Qxa8 22. Nxc5 $1) 21. Qc2 Ra8 22.
Rxa8+ Qxa8 $11 {In this case,} 23. Nxc5 $6 {does not work out well because of}
Bxf3 24. exf3 Ne5 {This last move would not be possible with the queen on c3.})
19. Ra1 f5 20. Ng5 Bxg2 21. Kxg2 Qc6+ 22. Kg1 h6 23. Nf3 Ra8 24. Rc1 $14 {
With his kingside weakened, Black faces some problems of coordination.
Objectively, the position may still be balanced, but in a practical game I
would definitely prefer playing with White.} Qd5 25. Nh4 {Continuing the
provoking policy.} (25. b4 {allows Black to maintain the balance with:} cxb4
26. Qxb4 Ne5 27. Nxe5 Qxe5 28. Rc2 Kh7 $11 {White's king is more vulnerable
than Black's, which makes it impossible to take advantage of the more compact
pawn structure.}) 25... g5 ({It is likely that after} 25... Kh7 26. Ng2 {
the threat of Nf4 would force ...g7-g5 anyway.}) 26. Nf3 Ra4 27. Nd2 g4 28. Qc2
{/\...e4} Qe5 (28... Ra2 29. e4 Qe5 30. Rb1) 29. Nc4 $5 Qd4 30. Na3 Qb4 (30...
Rb4 31. b3 f4 32. gxf4 Qxf4 33. d4 Qxd4 34. Qg6+ Qg7 35. Qxe6+ Qf7 36. Qc6 Rxb3
37. Nxb5 $36) 31. d4 $1 $36 {Suddenly, Black is in trouble.} cxd4 (31... Qxd4
32. Rd1 Qg7 33. Nxb5 $14) (31... c4 32. d5 $36) 32. Qc8+ Nf8 33. Qe8 Ra7 34.
Rc8 Kg7 35. Nxb5 $2 {Careless.} (35. Nc2 $1 Qe7 (35... Qd6 36. Nxd4 Rf7 37. e3
$5 $16) 36. Qxb5 (36. Qxe7+ Rxe7 37. Nxd4 Rd7 38. e3 Rd6 39. Rb8 Nh7 {[%csl
Rg1][%cal Gh7g5] /\...Ng5, עg1}) 36... Qf6 37. Qc5 Rd7 38. Nb4 $16 {[%cal
Gb4d3]}) 35... Rf7 36. Kf1 d3 $132 37. exd3 $6 (37. e3 $5) 37... Qd2 $40 38.
Qc6 $2 (38. Nc3 f4 39. Qa4 $15) 38... Qxd3+ $2 (38... Qd1+ 39. Kg2 f4 40. gxf4
Ng6 $19) 39. Kg2 f4 40. gxf4 (40. Qc3+ Qxc3 41. bxc3 $11) 40... Ng6 41. Qc3+ e5
$5 42. Qxd3 Nxf4+ 43. Kg3 Nxd3 44. Rc7 $11 Nxb2 45. Kxg4 Nd3 46. Rxf7+ Kxf7 47.
Kf5 Nxf2 48. Kxe5 Ng4+ 49. Kf4 Nxh2 50. Nd6+ Kg6 51. Nf5 Nf3 52. Nxh6 Kxh6 53.
Kxf3 1/2-1/2